00705nam a2200169 a 450000500170000000800410001704000240005804100080008204400070009008200200009724501260011726000760024330000590031965000600037865000540043870000430049220161226113352.0090808s2005 ck ab gr 00010 spa d aCO-BoBLA cCO-BoBLA0 aspa ack04a338.3727 bP69o00aPlan de ordenamiento de la pesca y la acuicultura en el Embalse de Betania / cMaría Doris Escobar Lizarazo [y otros 4]3 aBogotá : bInstituto Colombiano de Desarrollo Rural, INCODER, c2005. a79 páginas : bilustraciones y mapas ; c28 x 21 cm.26aAcuiculturaxPlanificaciónzBetania (Huila, Colombia)26aPescaxPlanificaciónzBetania (Huila, Colombia)1 aEscobar Lizarazo, María Doriseautor